Представление документа в формате RUSMARC

ПолеНазваниеЗначение
  Тип записи a
  Библиографический уровень m
001 Контрольный номер RU/IS/BASE/585829198
005 Дата корректировки 20201206205140.3
010 Индекс ISBN __
a ISBN 978-617-12-4540-2 (в пер.)
d Цена 323-40, 12000 экз.
100 Данные общей обработки __
a Данные общей обработки 19180725d2018||||||| 0rusy0189 ca
101 Язык документа 0_
a Язык текста rus
102 Страна публикации __
a Страна публикации ru
105 Кодированные данные (монография) __
a Кодированные данные (монография) ||||||||000zy
200 Заглавие и сведения об ответственности 1_
a Заглавие Преданная помощница для кумира
e Сведения, относящиеся к заглавию роман
f Первые сведения об ответственности Виктория Свободина
b Общее обозначение материала Текст
210 Выходные данные __
a Место издания Харьков
c Издательство Клуб семейного досуга
d Дата издания 2018
215 Физическое описание __
a Объем 285 с.
d Формат 21 см
330 Аннотация __
a Аннотация Настя - обычная девушка. Он - Кай Айстем, популярный певец, мега-звезда, кумир миллионов, по нему буквально сходят с ума. Но даже звезды иногда спускаются с небес, чтобы потанцевать в клубе и отдохнуть от мира шоу-бизнеса. Когда молодой симпатичный парень пригласил Настю на танец, она и подумать не могла, что это сам Кай Айстем! Неожиданно певец делает Насте предложение, от которого невозможно отказаться, - предложение стать его личным помощником и… музой.
333 Примечание о целевом назначении __
a Примечание о целевом назначении 16+. Для детей старше 16 лет
606 Тематические рубрики __
a Основная рубрика Художественная литература
606 Тематические рубрики __
a Основная рубрика Современная русская литература (произведения)
610 Ключевые слова __
a Ключевые слова женская проза
a Ключевые слова женские романы
a Ключевые слова любовные романы
a Ключевые слова романы
a Ключевые слова тема женщины
a Ключевые слова тема любви
a Ключевые слова тема мужчины
a Ключевые слова тема чувств
686 Индексы других классификаций __
2 Код системы rubbks
a Классификационный индекс 84(2=411.2)6-4; ст84(2Рос=Рус)6-4
700 Автор _1
a Фамилия Свободина
b Имя В.
f Даты 1987-
g Полное личное имя Виктория
4 Код отношения 070
801 Источник записи _0
a Страна ru
b Организация Муниципальное бюджетное учреждение культуры "Централизованная библиотечная система" г. Сургут (Центральная городская библиотека им. А. С. Пушкина)
c Дата составления 20180725
g Правила каталогизации rpk
801 Источник записи _1
a Страна ru
b Организация Муниципальное бюджетное учреждение культуры "Централизованная библиотечная система" г. Сургут (Центральная городская библиотека им. А. С. Пушкина)
c Дата составления 20180725
g Правила каталогизации rpk
852 Данные о местонахождении __
j Шифр хранения 84(2=411.2)6-4
i Авторский знак С 25
901 Тип документа __
t Тип документа m
a Ответственный КиК/Апакова
903 Характеристики (МАРС) __
a Дата передачи 20180725
990 Данные о заказе (DOS) __
j Количество экземпляров (DOS) 6
t N записи в КСУ для И/У (DOS) 201808